00558nam a2200181 4500999001900000005001700019010001500036020002700051035001400078037001300092082001000105100002200115245007700137260004000214270006700254300003000321942002500351 c169143d16914320191107104607.0 aENG-126844 c425.00 a9789353166021 aEN-110376 bDBAD/PUB a535.0 aBahety, Sanjay K. aElectricity and magnetism for JEE main and advanced /cby Sanjay Agrawal a DelhibMCGraw Hill Educationc2019 a444/1, Sri Ekambara Naicker Industrial Estate, Chennaie600116 avarious pagingc27cm(pbk) 2ddccENh375.00mAGR